|
|
|
|
| LEADER |
00000nam a2200000 a 4500 |
| 001 |
vtls001281627 |
| 003 |
SK-MaSNL |
| 005 |
20260416165333.0 |
| 008 |
240314s1984 xx 0 und |
| 035 |
|
|
|a SNK000233049
|
| 040 |
|
|
|a SNK
|b slo
|c SNK
|e AACR2
|
| 100 |
1 |
|
|a Kašpar, Václav
|4 aut
|9 388224
|
| 245 |
1 |
0 |
|a Vybrané problémy rozvojových zemí
|
| 260 |
|
|
|a Praha
|b Státní pedagogické nakladatelství
|c 1984
|
| 300 |
|
|
|a 155 s.
|
| 958 |
|
|
|a OND
|
| 999 |
|
|
|c 951013
|d 952943
|
| 952 |
|
|
|t P60, <04>, [BOOK], {604}
|a SNK
|b SNK
|y VYP
|7 0
|p 17A0057222
|o snkIB 53390 D1
|0 0
|1 1
|4 0
|d 1997-04-01
|l 0
|r 2005-01-02 00:00:00
|w 2026-02-24
|